000 00295nam a22001337a 4500
008 170526b xxu||||| |||| 00| 0 eng d
020 _a0029486807
041 _aeng
080 _a621.38
100 _a25
101 _aIM
245 _aFORCE-COMMUTATED INVERTERS
_cBRICHANT,F
942 _2udc
_cBK
999 _c14406
_d14406